| 000 | 00707nam a22001697a 4500 | ||
|---|---|---|---|
| 020 | _a9505082894 | ||
| 080 | _a340.12 + 342.7 N 622 | ||
| 100 | _aNino, Carlos Santiago | ||
| 245 |
_aEtica y Derechos Humanos: _bun ensayo de Fundamentacion |
||
| 250 | _a2° Ed. Amp. y Rev. | ||
| 260 |
_aBuenos Aires: _bAstrea. _c1989 |
||
| 300 | _a486 P. | ||
| 490 |
_aFilosofia y Derecho _v15 |
||
| 650 |
_xderechos humanos _xescepticismo etico _xracionalismo _xliberalismo _xinviolabilidad _xdignidad _xprincipios _xliberalismo conservador _xliberalismo igualitario _xobjecion de conciencia _xdemocracia _xsoberania popular _xperfeccionismo _xpaternalismo _xpena de muerte _xdefensa social |
||
| 945 |
_acd _d2023-05-16 |
||
| 999 |
_c5301 _d235805 |
||
| 942 | _6_ | ||